Fr. Conceicao Rodrigues College of Engineering

Projecting a Positive image (Record no. 26200)

MARC details
000 -LEADER
fixed length control field 00392nam a2200181Ia 4500
082 ## - DEWEY DECIMAL CLASSIFICATION NUMBER
Classification number 650.14
Item number PIN
100 ## - MAIN ENTRY--PERSONAL NAME
Personal name Pincus/ Marilyn
250 ## - EDITION STATEMENT
Edition statement 3
245 ## - TITLE STATEMENT
Title Projecting a Positive image
260 ## - PUBLICATION, DISTRIBUTION, ETC.
Name of publisher, distributor, etc. Barrons
Place of publication, distribution, etc. New York
Date of publication, distribution, etc. 1993
300 ## - PHYSICAL DESCRIPTION
Extent 105
490 ## - SERIES STATEMENT
Volume/sequential designation 01-Mar
546 ## - LANGUAGE NOTE
Language note ENGLISH
650 ## - SUBJECT ADDED ENTRY--TOPICAL TERM
Topical term or geographic name entry element General
654 ## - SUBJECT ADDED ENTRY--FACETED TOPICAL TERMS
Focus term Projecting positive image
942 ## - ADDED ENTRY ELEMENTS (KOHA)
Koha item type BOOK
Holdings
Withdrawn status Lost status Damaged status Not for loan Collection Home library Current library Date acquired Total Checkouts Full call number Barcode Date last seen Price effective from Koha item type
        CRC Fr. Agnel's C.Rodrigues College of Engineering Fr. Agnel's C.Rodrigues College of Engineering 17/03/2023   650.14 PIN 9081 17/03/2023 17/03/2023 BOOK